Rozsypanka literowa - firmy w Polsce - Statystyki

Ogólne statystyki
  • Ten quiz został rozwiązany 1 644 razy
    1 637 od ostatniego zresetowania
  • Średni wynik to 7 z 20
Statystyki odpowiedzi
Firma % Poprawnych
PGE
86%
PKO
86%
Żabka
82%
Dino
75%
Pepco
69%
Orlen
51%
PGNiG
47%
Vectra
32%
Tauron
28%
Mlekpol/Polmlek
19%
Lewiatan
18%
Polpharma
18%
InPost
17%
Cisowianka
8%
TZMO
8%
Grupa Azoty
7%
KGHM Polska Miedź
5%
Techland
5%
PolEnergia
4%
Totalizator Sportowy
4%
Nie znaleziono quizów pasujących do podanych kryteriów
Rozkład punktacji
Procent ludzi z każdym wynikiem
Percentyl według liczby udzielonych odpowiedzi
Twoja historia wyników
Nie rozwiązałeś tego quizu od ostatniego zresetowania